El expresionismo literario

Bewaard in:
Bibliografische gegevens
Hoofdauteur: Modern, Rodolfo E.
Formaat: Boek
Taal:Undetermined
Gepubliceerd in: Buenos Aires, Argentina EUDEBA 1972
Onderwerpen:
Tags: Voeg label toe
Geen labels, Wees de eerste die dit record labelt!

MARC

LEADER 00000nam a2200000Ia 4500
008 170316s9999 xx 000 0 und d
090 |a 801 M-41e 
100 |a Modern, Rodolfo E. 
245 |a El expresionismo literario 
260 |a Buenos Aires, Argentina 
260 |b EUDEBA 
260 |c 1972 
300 |a 132 páginas 
650 |a TEORÍA LITERARIA 
999 |c 20487  |d 20487 
040 |a cru BVZT 
942 |c 15 D  |h 801 M-41e  |2 z